000 00268nam a2200109Ia 4500
008 230320s9999||||xx |||||||||||||| ||spa||
082 _a891.51/D72/2006
100 _aDostoyevski, Fiodor M.
245 0 _aHumillados Y Ofendidos
260 _bSantillana
942 _80
_cLIB
999 _c49494
_d49494